000 00478nam a22001817a 4500
003 OSt
005 20220107122849.0
008 190530b xxu||||| |||| 00| 0 eng d
020 _a9781316603598
040 _cIIITMK
082 _a519.6 BOY/C
100 _aBoyd, Stephen
_915569
245 _aConvex optimization
_cStephen Boyd
260 _aNew Delhi,
_bCambridge University Press,
_c2018.
300 _axiii, 716p.
700 _aVandenberghe, Lieven
_915570
942 _2ddc
_cBK
999 _c6440
_d6440